| 000 | 00465nam a22001817a 4500 | ||
|---|---|---|---|
| 005 | 20240902114203.0 | ||
| 008 | 240831b |||||||| |||| 00| 0 eng d | ||
| 020 | _a0-7506-5223-3 | ||
| 041 | _aeng | ||
| 082 | _a617.1027 NOR | ||
| 100 |
_aNORRIS,CHRISTOPHER M. _98473 |
||
| 245 | _aSPORTS INJURIES: DIAGNOSIS AND MANAGEMENT | ||
| 250 | _a3RD, ED. 2004 | ||
| 260 |
_aEDINBURGH _bBUTTERWORTH HEINEMANN _c2004 |
||
| 300 | _a465;P | ||
| 650 | _aBPT | ||
| 942 | _cBK | ||
| 999 |
_c8600 _d8598 |
||